书目信息 |
| 题名: |
建筑画与表现技法
|
|
| 作者: | 李延龄 主编 ;李李 副主编 | |
| 分册: | ||
| 出版信息: | 北京 中国建筑工业出版社 2009.7 |
|
| 页数: | 122页 | |
| 开本: | 26cm | |
| 丛书名: | 全国建设行业中等职业教育规划推荐教材 | |
| 单 册: | ||
| 中图分类: | TU204 | |
| 科图分类: | ||
| 主题词: | 建筑艺术--jian zhu yi shu--绘画--技法(美术)--教材--专业学校 | |
| 电子资源: | ||
| ISBN: | 978-7-112-10998-2 | |
| 000 | 01207nam 2200289 450 | |
| 001 | 200000001627 | |
| 005 | 20201028155213.64 | |
| 010 | @a978-7-112-10998-2@dCNY28.00 | |
| 100 | @a20100515d2009 km y0chiy0121 eb | |
| 101 | 0 | @achi |
| 102 | @aCN@b110000 | |
| 105 | @aa z 000yy | |
| 110 | @abuu 0xx0 | |
| 200 | 1 | @a建筑画与表现技法@Ajian zhu hua yu biao xian ji fa@f李延龄主编@g李李副主编@Gli li fu zhu bian |
| 205 | @a第2版 | |
| 210 | @a北京@c中国建筑工业出版社@d2009.7 | |
| 215 | @a122页@c图@d26cm | |
| 225 | 2 | @a全国建设行业中等职业教育规划推荐教材@Aquan guo jian she hang ye zhong deng zhi ye jiao yu gui hua tui jian jiao cai |
| 300 | @a建筑设计技术 城镇建设 建筑装饰技术专业适用 | |
| 330 | @a本书主要内容包括建筑画的透视;建筑画的构图与层次;建筑画的色彩;建筑材料质感的表现;建筑配景设计与表现;各种画种的表现技法,包括钢笔画、钢笔线条水彩渲染画、水粉画、马克笔画、喷笔渲染画、彩色铅笔画等。 | |
| 410 | 0 | @12001 @a全国建设行业中等职业教育规划推荐教材 |
| 606 | 0 | @a建筑艺术@Ajian zhu yi shu@x绘画@x技法(美术)@j教材@x专业学校 |
| 690 | @aTU204@v4 | |
| 701 | 0 | @a李延龄@Ali yan ling@4主编 |
| 702 | 0 | @a李李@Ali li@4副主编 |
| 801 | 0 | @aCN@c20100515 |
| 905 | @dTU204@eL3102=2@f5 | |
| 建筑画与表现技法/李延龄主编/李李副主编.-第2版.-北京:中国建筑工业出版社,2009.7 |
| 122页:图;26cm.-(全国建设行业中等职业教育规划推荐教材) |
| 建筑设计技术 城镇建设 建筑装饰技术专业适用 |
| ISBN 978-7-112-10998-2:CNY28.00 |
| 本书主要内容包括建筑画的透视;建筑画的构图与层次;建筑画的色彩;建筑材料质感的表现;建筑配景设计与表现;各种画种的表现技法,包括钢笔画、钢笔线条水彩渲染画、水粉画、马克笔画、喷笔渲染画、彩色铅笔画等。 |
| ● |
| 相关链接 |
|
|
|
正题名:建筑画与表现技法
索取号:TU204/L3102=2
 
预约/预借
| 序号 | 登录号 | 条形码 | 馆藏地/架位号 | 状态 | 备注 |
| 1 | 1498829 | 214988290 | 建筑库101/101建筑库 108排5列5层/ [索取号:TU204/L3102=2] | 在馆 | |
| 2 | 1500118 | 215001183 | 建筑库101/101建筑库 108排5列5层/ [索取号:TU204/L3102=2] | 在馆 | |
| 3 | 981468 | 209814682 | 建筑库101/101建筑库 108排5列5层/ [索取号:TU204/L3102=2] | 在馆 | |
| 4 | 981469 | 209814691 | 建筑库101/101建筑库 108排5列5层/ [索取号:TU204/L3102=2] | 在馆 | |
| 5 | 981470 | 209814708 | 建筑库101/101建筑库 108排5列5层/ [索取号:TU204/L3102=2] | 在馆 | |
| 6 | 981471 | 209814717 | 建筑库101/101建筑库 108排5列5层/ [索取号:TU204/L3102=2] | 在馆 | |
| 7 | 981472 | 209814726 | 建筑库101/101建筑库 108排5列5层/ [索取号:TU204/L3102=2] | 在馆 |